000 00712nam a22002177a 4500
999 _c7003
_d7003
001 7003
003 BD-JhCC
005 20180203185252.0
008 180203b xxu||||| |||| 00| 0 eng d
035 _a(BD-JhCC)7003
040 _aBD-JhCC
_dBD-JhCC
041 _aeng
082 _a891.4409
_bRAH 2003
100 _aরহমান, মুহাম্মদ হাবিবুর
245 _aবিষণ্ন বিষয় ও বাংলাদেশ /
_cমুহাম্মদ হাবিবুর রহমান
260 _aঢাকা :
_bমাওলা ব্রদার্স,
_c2003.
300 _a166 p. :
_c22 cm.
650 _aCollection of Essay
942 _2ddc
_cBK